000 00865nas a2200301 4500
001 BR0803299
003 BR-BrBNA
005 20231205112252.0
007 ta
008 230509b bl.|||p| |||| 00| 00por d
040 _aBR-BrBNA
_bpor
_cBiblioteca Nacional de Agricultura
041 _a(Pt)
072 _aH60; P34
100 1 _aVivian, R.
100 1 _aGuimarães, A.A.
100 1 _aQueiroz, M.E.L.R.
100 1 _aSilva, A.A.
100 1 _aReis, M.R.
100 1 _aSantos, J.B.
245 1 _aAdsorção e dissorção de trifloxysulfuron-sodium e ametryn em solos brasileiros
650 _aHERBICIDA
650 _aSOLO
650 _aADSORÇÃO
650 _aLIXIVIAÇÃO
773 0 _tPlanta Daninha (Brazil)
_xISSN 0100-8358
_g(Jan-Mar 2007), v. 25(1) p. 97-109
_wBR0803299
909 _a202311
_bLúcia
_c55
_dLúcia Elande
942 _2AGRIS
_n0
_cANA
999 _c197099
_d197099